Catálogo

Vista normal Vista MARC

Entrada Personal Name

Número de registros utilizados en: 1

001 - CONTROL NUMBER

  • control field: 6857

003 - CONTROL NUMBER IDENTIFIER

  • control field: LC

005 - DATE AND TIME OF LATEST TRANSACTION

  • control field: 20220509113712.0

008 - FIXED-LENGTH DATA ELEMENTS

  • fixed length control field: 800801n| azannaabn |a aaa

010 ## - LIBRARY OF CONGRESS CONTROL NUMBER

  • LC control number: 50043395

035 ## - SYSTEM CONTROL NUMBER

  • System control number: (OCoLC)oca00078563

040 ## - CATALOGING SOURCE

  • Original cataloging agency: DLC
  • Language of cataloging: spa
  • Description conventions: rda
  • Transcribing agency: Mx-PuUPA
  • Modifying agency: Uk
  • Modifying agency: UPB
  • Modifying agency: Mx-PuUPA

046 ## - SPECIAL CODED DATES

  • Birth date: 19271026
  • Death date: 20100131

100 1# - HEADING--PERSONAL NAME

  • Personal name: Labarre, Albert,
  • Dates associated with a name: 1927-2010,

372 ## - FIELD OF ACTIVITY

  • Field of activity: Libros raros
  • Field of activity: Incunables
  • Source of term: lcsh

373 ## - ASSOCIATED GROUP

  • Associated group: Bibliothèque nationale (France)
  • Source of term: naf

374 ## - OCCUPATION

  • Occupation: Bibliotecario
  • Source of term: lcsh

374 ## - OCCUPATION

  • Occupation: Autor
  • Source of term: lcsh

375 ## - GENDER

  • Gender: hombre

377 ## - ASSOCIATED LANGUAGE

  • Language code: fre

510 2# - SEE ALSO FROM TRACING--CORPORATE NAME

  • Control subfield: r
  • Relationship information: Employer:
  • Corporate name or jurisdiction name as entry element: Bibliothèque nationale (France)

670 ## - SOURCE DATA FOUND

  • Source citation: His Histoire du livre, 1970.

670 ## - SOURCE DATA FOUND

  • Source citation: Bibliothèque nationale de France, via VIAF, 29 May 2014
  • Information found: (Labarre, Albert; nacido el 26 de octubre de 1927; murió el 31 de enero de 2010; Conservateur en chef à la Bibliothèque nationale, París (1962-1994)

670 ## - SOURCE DATA FOUND

  • Source citation: Biblioteca del Congreso (Estados Unidos), 20 marzo 2018 :
  • Information found: catálogo electrónico:
  • Uniform Resource Identifier: https://goo.gl/AT5vo9